|
|
|
|
| LEADER |
01304nam a22002897a 4500 |
| 001 |
34922 |
| 003 |
BD-DhAAL |
| 005 |
20230207151028.0 |
| 008 |
190725t2013 bg |||| |||| 00| p ben d |
| 020 |
|
|
|a 9789848964645
|
| 040 |
|
|
|a BD-DhAAL
|c BD-DhAAL
|
| 041 |
|
|
|a ben
|
| 082 |
|
|
|a 891.441
|2 23
|
| 245 |
|
|
|a শক্তি চট্টোপাধ্যায়ের শ্রেষ্ঠ কবিতা /
|c সাযযাদ কাদির সম্পাদিত
|
| 246 |
|
|
|a Shakti Chattopadhyay : shreshtho kobitaa
|
| 260 |
|
|
|a ঢাকা :
|b হাওলাদার প্রকাশনী,
|c ২০১৩
|
| 300 |
|
|
|a ৩৩৫ পৃষ্ঠা :
|b চিত্র ;
|c ২২ সে.মি.
|
| 526 |
|
|
|a Residential Campus
|
| 541 |
|
|
|a Development Book Agency
|e 34922
|
| 600 |
|
|
|a চট্টোপাধ্যায়, শক্তি,
|d 1933-1995.
|9 53574
|
| 650 |
|
|
|a Bengali poetry.
|9 33112
|
| 650 |
|
|
|a Bengali literature.
|
| 700 |
|
|
|a কাদির, সাযযাদ
|9 33128
|
| 852 |
|
|
|a Savar Campus Library
|c General Stacks
|
| 942 |
|
|
|2 ddc
|c BK
|
| 999 |
|
|
|c 40992
|d 40992
|
| 952 |
|
|
|0 0
|1 0
|2 ddc
|4 0
|6 891_441000000000000_SHA
|7 0
|9 65768
|a SCL
|b SCL
|c GEN
|d 2019-07-17
|e Development Book Agency
|g 382.00
|l 3
|m 9
|o 891.441 SHA
|p 3020034922
|r 2023-08-13
|s 2023-06-08
|t 1
|v 382.00
|w 2019-07-17
|y BK
|